[Event "EU-Cup 31st"]
[Site "Skopje"]
[Date "2015.10.21"]
[Round "4.1"]
[White "Svidler, Peter"]
[Black "Kramnik, Vladimir"]
[Result "0-1"]
[WhiteElo "2727"]
[BlackElo "2777"]
[Annotator "Roiz,M"]
[PlyCount "90"]
[EventDate "2015.10.18"]
[EventType "team-swiss"]
[EventRounds "7"]
[EventCountry "MKD"]
[SourceTitle "CBM 169"]
[Source "ChessBase"]
[SourceDate "2015.11.10"]
[SourceVersion "1"]
[SourceVersionDate "2015.11.10"]
[SourceQuality "1"]
[WhiteTeam "Mednyi Vsadnik"]
[BlackTeam "Siberia"]
[WhiteTeamCountry "RUS"]
[BlackTeamCountry "RUS"]

1. c4 e6 2. Nc3 d5 3. d4 Nf6 4. Nf3 Be7 5. g3 O-O 6. Bg2 dxc4 7. Ne5 Qd6 $5 {
Vladimir Kramnik employs the rather rare continuation. As usual, it was played
after deep home preparation and came as a real surprise for Peter.} ({The main
alternatives here are:} 7... c5) ({and} 7... Nc6) 8. Nxc4 {The most natural
reply.} ({The resulting position offers different interesting possibilities
for both sides. For instance, White could have opted for} 8. O-O $5 Rd8 9. Bg5
h6 (9... c5 $5) 10. Bxf6 Bxf6 11. Ne4 Qxd4 12. Nxf6+ gxf6 13. Nxc4 {with
sufficient compensation for a pawn.}) 8... Qa6 {A very concrete approach -
White has to waste a tempo on protecting the knight, while Black is ready to
put pressure on White's centre along the d-file.} 9. Qb3 {After this move
White is well prepared to meet the standard c7-c5 advance, but the
vulnerablity of the Pd4 offers Black more counterplay.} ({After} 9. Qa4 Rd8 10.
e3 c5 (10... Nd5 $6 11. Qxa6 Nxa6 12. O-O Rb8 13. Rd1 Nb6 14. Nxb6 axb6 15. e4
$14 {1/2 Gnusarev,P (2357)-Lutz,C (2596)/Mallorca 2004/CBM 104 (32)}) 11. dxc5
Nfd7 12. O-O Nxc5 13. Qxa6 Nbxa6 14. b3 Rb8 {Black should be able to solve the
problem of passive Bc8 and equalise.}) ({Black's idea is well illustrated in
the following line:} 9. b3 Rd8 10. O-O c5 11. a4 Bd7 ({After} 11... cxd4 12.
Nb5 Ne8 13. Ba3 Bxa3 14. Nbxa3 $44 {White gets full compensation.}) 12. dxc5
Bc6 13. Qc2 Bxg2 14. Kxg2 Bxc5 $11 {with comfortable equality.}) 9... Nc6 10.
e3 {The most natural way of protecting the pawn.} ({After} 10. Be3 Nd5 11. O-O
Nxe3 12. fxe3 Na5 13. Nxa5 Qxa5 $132 {White has some compensation for an
exposed pawn structure, but hardly more.}) 10... Rb8 {Obviously, this move is
aimed at solving the problem of the passive light-squared knight. The
vulnerable state of White's queen gives Black an additional tempo for the
fianchetto.} 11. Qb5 ({Black shouldn't face any problems in the event of} 11.
O-O b5 12. Nd2 Na5 13. Qc2 c5 14. dxc5 Bxc5 15. Nce4 Be7 $11 {- Vaulin,A (2515)
-Ivanovic,B (2470)/Podgorica 1993}) ({The consistent attempt to reduce Black's
q-side activity by means of} 11. a4 {is well met by} b5 $1 12. Nxb5 Bd7 13. O-O
(13. Rb1 Na5 14. Nxa5 Bxb5 15. axb5 Rxb5 16. Qc2 Bb4+ 17. Bd2 Bxd2+ 18. Qxd2
Rxa5 $11) 13... Nxd4 14. exd4 Bxb5 15. axb5 Qxa1 16. Ne5 Bd6 17. Nc6 Qa6 $1 (
17... Rb6 18. Bg5 Qa6 19. bxa6 Rxb3 20. Bxf6 gxf6 21. Nxa7 Rxb2 22. Ra1 c5) 18.
Nxb8 Rxb8 $11) 11... Qxb5 12. Nxb5 Nb4 $146 {A logical novelty - the Nc6 was
clearly misplaced, so Vladimir removes in order to free a way for the c-pawn.}
(12... Bd7 13. O-O Na5 14. Nxa5 Bxb5 15. Rd1 Nd5 16. Bd2 b6 17. Nb3 a5 $11 {
1/2 Pedersen,S (2390)-Wells,P (2485)/Budapest 1993/CBM 036 ext (42)}) ({
Another decent way of handling the position is:} 12... a6 $5 13. Nc3 (13. Nxc7
$2 b5 14. Ne5 Nxe5 15. dxe5 Ng4 $17 {[%csl Rc7]}) 13... b5 14. Bxc6 bxc4 15.
O-O Bb7 16. Bxb7 Rxb7 $11) 13. O-O Bd7 14. Nc3 Rfc8 $1 {Black reasonably
doesn't hurry with the c6-c5 advance.} ({After} 14... c5 15. dxc5 Bxc5 16. a3
Nbd5 17. Bd2 Rfc8 18. Rac1 $14 {White's position would be preferable.}) 15. a3
Nbd5 16. Bd2 c5 17. dxc5 Rxc5 18. Ne5 Be8 $11 {Black has successfully solved
all the opening problems.} 19. Nxd5 ({After} 19. Nd3 Rcc8 20. Nxd5 Nxd5 21.
Bxd5 exd5 22. Nf4 Bg5 $11 {White cannot put any pressure on the isolated pawn.}
) 19... Nxd5 20. Rfc1 Rxc1+ {Vladimir doesn't mind exchanging the rooks, since
White has no squares for penetration along the c-file.} ({There was nothing
wrong with} 20... Rcc8 $11) 21. Rxc1 Bf6 22. Nc4 {The knight is obliged to
leave the central square.} ({Quite risky from the strategic point of view is:} 
22. f4 Bxe5 23. fxe5 Bc6 $11) 22... Rd8 {The position is balanced now, but
White has to take care of the Pb2 now.} 23. b4 {The first step in a wrong
direction.} ({The safest way to equality was:} 23. e4 Nb6 24. Nxb6 axb6 25. Bc3
Bxc3 26. bxc3 e5 27. Bf1 Bc6 28. f3 Ra8 29. Ra1 $11) 23... b5 24. Na5 Nb6 {
Black's pieces are somewhat more active now, but White's position remains very
solid.} 25. Bc3 {A correct choice.} (25. Rc2 {was too passive:} Nc4 26. Bc1
Rd1+ 27. Bf1 a6 $15) 25... Rc8 ({Black achieves nothing after} 25... Bxc3 26.
Rxc3 Rd1+ 27. Bf1 Kf8 28. Kg2 $11) 26. Bc6 ({Obviously, Peter didn't like} 26.
Bd2 Bb2 27. Rxc8 Nxc8 {and the pawn is gone. However, it looks like after} 28.
Nc6 Bxa3 29. Bc3 f6 30. Kf1 Kf7 31. Ke2 $11) 26... Bxc6 27. Bxf6 Bd5 $1 {
The resulting position is almost symmetrical, but White is in definite danger,
since the Na5 is out of moves.} 28. Rxc8+ Nxc8 {[%csl Ra5]} 29. Bd4 f6 30. Bc5
{Black's knight is now restricted by the bishop, but the b6-square is still
vacant.} Kf7 31. Kf1 e5 ({It was worth considering} 31... g5 $5 {seizing more
space on the k-side and intending to occupy the weak light squares later on.})
32. Ke2 Ke6 33. f3 f5 34. h4 g6 35. Kf2 Nb6 36. g4 $6 {Inviting more troubles
- opening up the position would suit Black here.} ({A much safer move was} 36.
f4 Nc8 37. Ke2 a6 38. Kd2 Nd6 39. Bxd6 Kxd6 40. Kd3 h6 41. Kc3 Ke6 42. Kd3 Kf6
43. Kc3 $11) 36... fxg4 37. fxg4 h5 $1 {Vladimir immediately takes advantage
of White's inaccuracy - now Black's king gets much more space.} 38. Kg3 {
The best reply.} (38. gxh5 $6 {is worse:} gxh5 39. Ke2 Kf5 40. Kd3 Nc8 41. Bf8
a6 42. Bc5 Ba8 $17 {[%csl Rh4][%cal Gf5g4]}) 38... Na4 {Vladimir sacrifices a
pawn in order to keep the Na5 trapped. Well, this idea was fully justified in
the game, but it is not the best choice from an objective point of view.} ({
The more patient} 38... Kf6 $1 39. Kh3 {would force White to give up a pawn:} (
{Even worse is} 39. gxh5 gxh5 40. Bd6 Kf5 41. Bc7 Nd7 $17 {and Black is
dominating over the board.}) 39... Be6 40. e4 Bxg4+ 41. Kg2 Bd7 $15 {The
limited material balance leaves White definite drawish chances, but a pawn is
a pawn!}) 39. Bxa7 Nc3 {A critical moment.} 40. Bb8 $4 {As often happens in
chess, the last move before passing the time control turns out to be a
decisive mistake.} ({The correct way was:} 40. gxh5 gxh5 41. Bb6 Nd1 ({Black
cannot make progress after} 41... Kf5 42. Kf2 Kg4 43. Bd8 Nb1 44. Ke2 Nxa3 45.
Kd2 $11) 42. e4 $8 (42. Bc5 Kf5) 42... Bxe4 43. Nb3 Bc6 44. Nd2 {The knight is
back into the game, so White should be able to achieve a draw.}) 40... Ne4+ {
The loss of the k-side pawn is fatal here, since the Na5 is still out of play.}
41. Kh3 (41. Kf3 Nf6+ 42. e4 Bxe4+ 43. Ke3 hxg4 $19) 41... Nf2+ 42. Kg3 Nxg4
$19 43. e4 (43. Ba7 {offers no hope either:} Kf5 44. Bc5 Ke4 45. a4 bxa4 46. b5
Nxe3 47. b6 Nc2 48. b7 Bxb7 49. Nxb7 a3 $19) 43... Bxe4 44. Nb3 {The knight is
coming back too late.} Kd5 45. Nd2 Ne3 {Impressive positional play by Vladimir
Kramnik!} 0-1

[Event "Gashimov Memorial 2nd"]
[Site "Shamkir"]
[Date "2015.04.26"]
[Round "9"]
[White "Giri, Anish"]
[Black "Kramnik, Vladimir"]
[Result "1/2-1/2"]
[WhiteElo "2790"]
[BlackElo "2783"]
[Annotator "Roiz,M"]
[PlyCount "160"]
[EventDate "2015.04.17"]
[EventType "tourn"]
[EventRounds "9"]
[EventCountry "AZE"]
[EventCategory "21"]
[SourceTitle "CBM 166"]
[Source "ChessBase"]
[SourceDate "2015.05.11"]
[SourceVersion "1"]
[SourceVersionDate "2015.05.11"]
[SourceQuality "1"]

1. d4 Nf6 2. c4 e6 3. Nf3 d5 4. g3 Be7 5. Bg2 O-O 6. Qc2 c5 7. O-O cxd4 8. Nxd4
{This way of deviating from the main theoretical lines doesn't promise White
any serious advantage, but definitely leads to fresh, playable positions.} Nc6
(8... e5 9. Nf5 d4 {is a more aggressive way to handle the position.}) 9. Nxc6
bxc6 10. Rd1 Ba6 (10... Qa5 11. b3 Ba6 {provokes White to put the knight on d2
instead of c3. That looks like a concession, but as the following game shows,
Black still has some problems to solve:} 12. Nd2 Qb6 13. Nf3 Rfd8 14. Ne5 Bb7
15. Bb2 c5 16. cxd5 exd5 17. Rac1 Rac8 18. e3 $14 {1-0 (46) Wojtaszek,R (2698)
-Cheparinov,I (2672)/Rhodes GRE 2013}) 11. b3 {The most flexible continuation.}
({The modest-looking} 11. Nd2 {makes Black's task easier:} Qb6 12. b3 Ng4 13.
e3 Bf6 14. Rb1 Rfd8 15. h3 Ne5 16. Bb2 Rac8 $11 {0-1 (35) Wojtkiewicz,A (2525)
-Karpov,A (2775)/Internet 1996/EXT 1998}) 11... Qb6 {The queen isn't really
safe there, but it's quite important to connect the rooks as soon as it is
possible.} 12. Be3 Bc5 ({The alternative is} 12... Qb7 {, but it looks a bit
awkward and hardly offers Black an easy equality:} 13. Bd4 dxc4 14. Nd2 c3 15.
Qxc3 Bxe2 16. Bxc6 Qa6 17. Bxa8 Bxd1 18. Bg2 $14 {0-1 (56) Romanov,E (2627)
-Azarov,S (2667)/Warsaw 2011/CBM 145 Extra}) 13. Bxc5 Qxc5 14. Nd2 (14. Nc3
dxc4 15. e3 Rfd8 16. bxc4 Rab8 $11) 14... Rfd8 {Vladimir Kramnik chooses the
most natural setup for his rooks.} ({The following alternatives didn't offer
him full equality:} 14... e5 15. e3 e4 16. a3 Qb6 17. b4 Ng4 18. Rac1 Rad8 19.
b5 Bb7 20. cxd5 cxd5 21. Qc7 $14) (14... Rab8 15. Rac1 Rfc8 16. e3 h6 17. a3 $1
(17. Nf3 dxc4 18. Qc3 Qb6 19. bxc4 c5 $11) 17... Qb6 18. b4 $14) 15. e3 Rac8
16. Rac1 {[%csl Ra6] The position looks approximately equal, but Black has to
solve the problem of the passive bishop.} Qa5 $146 {Freeing the way for the
c-pawn.} (16... Nd7 17. Qc3 Qb6 {as was played in Bromann,T (2355)-Smirnov,I 
(2459)/Krakow 2006 doesn't look like a convincing way to equalise. For
instance,} 18. Nf3 Nc5 19. Nd4 Ne4 20. Bxe4 dxe4 21. Ne2 $14 {and White's
position is preferable due to his better pawn structure.}) 17. Nf3 c5 {That
move looks very natural, but now White gets clear targets for an attack.} ({
Possibly, a more accurate move was} 17... h6 $5 {in order to meet} 18. Ne5 (18.
Qb2 dxc4 19. Rxd8+ Rxd8 20. bxc4 c5 21. Ne5 Qd2 $11) {with} 18... Nd7 19. Nxd7
Rxd7 20. Qc3 Qxc3 21. Rxc3 Kf8 {and this endgame looks drawish, though White's
position is somewhat more pleasant.}) 18. cxd5 {Anish prefers to clarify the
pawn structure.} ({That decision could be delayed:} 18. Ne5 $5 h6 19. Qb2 Qb4
20. cxd5 exd5 21. Rc2 $14 {with some pressure on Black's hanging pawns.}) 18...
Nxd5 $5 {Vladimir is trying to prove that some activity of his pieces will
compensate for a weak Pc5.} ({The alternatives were} 18... exd5 19. Ne5 Qb6 {
with a slighlty worse, but very solid position.}) ({and} 18... Rxd5 $5 {
intending to meet} 19. Nd2 {with} Be2 $1 20. Bxd5 Bxd1 21. Rxd1 exd5 $11) 19.
Ne5 (19. a3 c4 20. bxc4 Rxc4 21. Qb2 Rcc8 $1 22. Ne5 Nc3 $1 23. Rxd8+ Qxd8 24.
Bf3 Qb6 $11) (19. Ng5 Nf6 20. Rxd8+ Rxd8 $11) 19... h6 {This prophylactic move
definitely makes sense from a human point of view, but it gives White an
important tempo for consolidating.} (19... Nb4 $1 {was stronger:} 20. Qc3 Qb6
21. Qa1 (21. Qb2 f6 22. Nc4 Bxc4 23. Rxd8+ Rxd8 24. Rxc4 Rd1+ 25. Bf1 Qd6 $132)
21... Nd3 22. Nxd3 Bxd3 23. Rd2 c4 $11) 20. Bf3 ({Possibly, it was better to
restrict Black's active possibilities by means of} 20. a3 $5 Qc7 21. Qb2 $14)
20... Qc7 ({It looks like here the more active approach was called for:} 20...
Nb4 $1 {would promise Black excellent chances for equality. For instance,} 21.
Qc3 Qc7 22. Rxd8+ Qxd8 23. Rd1 Qf6 $11) 21. Qb2 Bb7 (21... Nb4 22. Rxd8+ Rxd8
23. a3 Nd5 24. Nc4 $14) 22. Rd2 {GM Giri is not in a rush.} ({There was an
interesting opportunity for changing the character of play:} 22. b4 $5 f6 (
22... Qb6 23. b5 Qc7 24. Rd2 $14) 23. Bg4 $1 Qxe5 24. Qxe5 fxe5 25. Bxe6+ Kf8
26. Bxc8 Rxc8 27. Rxc5 Rxc5 28. bxc5 $14) 22... Nf6 23. Bxb7 Rxd2 24. Qxd2 Qxb7
{[%csl Rc5] The simplifications didn't really solve Black's permanent problems
with the pawn structure.} 25. Qe2 a5 {A double-edged decision. Obviously,
Vladimir was trying to swap one pair of q-side pawns, but the Pa5 is becoming
a cause of worries.} (25... Qd5 26. Nc4 Rd8 27. f3 $14) 26. Nc4 Ra8 27. Nb2 $14
{White has a small, but stable positional advantage now.} Nd7 28. f4 (28. e4 $5
{also deserved serious attention:} Qb4 29. Rc4 Qb5 30. Qe3 $14) 28... e5 29.
Nc4 $6 {For some reason, Anish allows Black to get a rid of weak Pa5 and
activate the pieces.} ({At the same time, the precise} 29. Qg2 $1 e4 (29... Qa7
30. Rd1 $14) 30. Rc4 f5 31. Qd2 $14 {would put Black under strong positional
pressure.}) 29... a4 30. bxa4 Rxa4 ({After} 30... exf4 31. exf4 Rxa4 32. a3 Nf6
$11 {Black should be OK either.}) 31. fxe5 Qa6 (31... Qe4 {was also possible:}
32. Qc2 Rxc4 33. Qxc4 Qxe3+ 34. Kg2 Nxe5 35. Qxc5 Qf3+ {with an immediate draw
by perpetual.}) 32. Qd3 Qe6 33. Qb3 Ra8 34. Qb2 ({A beautiful end of this game
could be} 34. a4 Nxe5 35. Qb7 Rxa4 {(not the only, but quite an effective
response)} 36. Qb8+ Kh7 37. Nxe5 Rb4 38. Qc7 Rb2 39. Nc4 Qe4 40. Nxb2 Qxe3+ $11
) 34... Ra4 35. Qc2 Ra8 36. Qb2 {White has many weaknesses now, so Anish
doesn't mind calling it a day. However, it looks like Vladimir was quite
ambitious at this moment.} Qd5 ({It was possible to disturb White's king by
means of} 36... h5 37. a3 h4 38. gxh4 {but after} Ra4 39. Qc2 Qg4+ 40. Kh1 $11
{White shouldn't be in any danger.}) 37. a3 Re8 38. Qd2 {White is out of
danger.} Qc6 {After this move Black couldn't avoid an endgame anyway.} (38...
Qxd2 39. Nxd2 Kf8 40. a4 Ra8 41. e6 fxe6 42. Ra1 Ne5 43. a5 Ke7 $11) 39. Qd6
Nxe5 40. Qxc6 Nxc6 {The resulting edngame is equal, but the a-passer requires
some accuracy.} 41. Kf2 Kf8 42. Ke2 Ra8 43. Ra1 Ke7 44. a4 Na5 45. Nb6 {
Now Anish isn't satisfied with a draw!} ({After} 45. Kd3 Ke6 46. Nxa5 Rxa5 47.
Kc4 Ke5 $11 {neither side can make any progress.}) 45... Ra6 46. Nd5+ Kd6 47.
Rd1 Kc6 {There was no need to allow the transfer of opponent's knight to f5.} (
47... Ke5 $11 {was simpler.}) 48. Ne7+ Kc7 49. Rf1 {Black's kingside pawns are
in danger, but Kramnik's posiiton is still quite safe at this moment.} f6 ({
Possibly, the easiest way was connected with exchanging the knights:} 49... Nc6
50. Rxf7 Rxa4 51. h4 Ne5 52. Rxg7 Ra2+ $11) 50. Nf5 Nb3 {The first step in the
wrong direction.} (50... g6 {was better:} 51. Nxh6 Nc6 52. Ra1 c4 53. h4 Ne5
54. a5 Kb7 $132 {with sufficient counterplay.}) 51. Nxg7 c4 52. Ne8+ Kd8 53.
Nxf6 Rxa4 54. Rd1+ Kc8 {The king is far away from White's k-side pawns now.} (
54... Ke7 {was safer} 55. Nd5+ Ke6 56. Nc3 Ra8 {and Black is close to a draw
due to his activity.}) 55. Ne4 Ra2+ 56. Kf3 Rxh2 $1 {Correctly liquadating one
of the opponent's pawns.} (56... Kc7 57. h4 h5 58. Rd5 $16) 57. Nd6+ Kd7 58.
Nxc4+ Ke7 59. e4 {As a result, White is a solid pawn up now. However, the
position remains drawish due to the reduced material balance.} Nc5 60. Ne3 Ne6
61. Nd5+ $1 ({The text move is stronger than} 61. Nf5+ Kf6 62. Rd6 Ke5 63. Rd5+
Kf6 {and White cannot make progress.}) 61... Kf7 62. Ra1 Ng5+ 63. Kf4 (63. Ke3
Rg2 64. Ra7+ Kf8 65. Kf4 Nxe4 66. Kxe4 Rxg3 $11) 63... Rf2+ (63... Re2 $1 {
seems more accurate:} 64. Ra4 Kg6 65. Ne7+ Kf6 66. Ng8+ Kg6 67. Ke5 Nf3+ 68.
Ke6 Ng5+ 69. Kd5 Nf3 $11) 64. Ke5 Nf3+ 65. Kd6 Ng5 66. e5 Ne4+ 67. Kd7 Nc5+ 68.
Kc6 Rc2 $2 {Being tired from a tough defence, Vladimir commits a serious
mistake.} ({It was necessary to prevent White from activating the king:} 68...
Ne4 $1 69. Ra7+ Ke6 70. Re7+ Kf5 71. Ne3+ Kg6 72. Re6+ Kh5 73. Re8 Nxg3 74. e6
Re2 $11) 69. Ra7+ Kg6 $1 {Correctly keeping the king active. The resulting
endgame is extremely complicated, but it looks like Black still has good
drawing chances.} (69... Kf8 70. Ne7 $1 Ne4+ 71. Kd7 Kg7 (71... h5 72. Nf5 Rf2
73. Ra8+ Kf7 74. Nd6+ Nxd6 75. exd6 Rf3 76. Ra5 $18) 72. Ke8 Rb2 73. g4 Rb8+
74. Kd7 Kf8 75. e6 Nf6+ 76. Kc6 Re8 77. Ng6+ Kg8 78. Kd6 $18) 70. Ne7+ $1 (70.
Nf4+ {is less convincing:} Kf5 71. Kd5 {was more promising:} Nd7 72. e6 (72.
Rxd7 Rd2+ 73. Kc6 Rxd7 74. Kxd7 Kxe5 75. Ke7 Kf5 76. Kf7 Kg4 77. Ne2 h5 $11)
72... Nf6+ 73. Kd4 Rd2+ 74. Ke3 Rd8 75. Kf3 Ng8 76. Rd7 Ra8 77. Rf7+ Ke5 $16 {
and Black is in the game.}) 70... Kg5 71. Kd5 Nd3 $1 {Kramnik manages to find
the only way to stay in the game.} (71... Rc3 72. Ra8 $1 Kg4 73. Rc8 Na4 74.
Rg8+ Kf3 75. e6 Nb6+ 76. Kd4 Rc4+ 77. Ke5 $18) 72. Ng8 Nb4+ $1 {The best
practical chance.} ({Black correctly rejects} 72... Kg6 73. e6 Nb4+ 74. Kd6
Rd2+ 75. Kc5 Nd3+ 76. Kd4 Nc1+ 77. Ke4 Re2+ 78. Kd5 Rd2+ 79. Kc6 Rd8 80. Nxh6
$1 Kxh6 81. e7 Rb8 82. Kc7 Rg8 83. Ra3 Ne2 84. Re3 Nd4 85. e8=Q Rxe8 86. Rxe8
$18) 73. Ke6 (73. Kd6 Rc6+ 74. Kd7 {led to the same.}) 73... Rc6+ 74. Kd7 Rc3 {
This move looks natural, but actually it made White's task much easier.} (74...
Rc1 $1 {was much more stubborn:} 75. e6 Nc6 {and here the winning way isn't
trivial at all:} 76. Ra4 $1 (76. Rc7 Ne5+ 77. Kd6 Rxc7 78. Kxc7 Ng6 79. Kc6 Kg4
80. Nxh6+ Kxg3 $11) (76. Rb7 Ne5+ 77. Kd6 Nc4+ 78. Ke7 Ne3 79. Ke8 Nf5 80. Rb5
Kg6 81. Ne7+ Nxe7 82. Kxe7 Rc7+ 83. Kd6 Ra7 84. g4 Kg7 85. Rc5 Kf6 86. Rf5+ Kg7
$11) 76... h5 77. Kd6 Rc3 78. Re4 Rc1 79. Rf4 Na7 80. Nf6 Nc8+ 81. Kd7 Nb6+ 82.
Ke7 Kg6 83. Rf3 Rc6 84. Rd3 Nc8+ 85. Kd7 Kxf6 86. Kxc6 Kxe6 87. Re3+ $18) 75.
e6 Rd3+ (75... Nc6 76. Rb7 Ne5+ 77. Kd6 Nc4+ 78. Kd5 Ne3+ 79. Kd4 Rc6 80. Kxe3
Rxe6+ 81. Kf3 $18) 76. Ke8 Kg6 77. Ra4 $2 {Luckily for Vladimir, White failed
to find the most precise moves until the end.} ({Black would be helpless after
} 77. Rd7 $1 Ra3 (77... Rxg3 78. Kf8 Rf3+ 79. Rf7 $18) 78. e7 Kg7 79. Rd4 $1
Ra8+ (79... Nc6 80. Rg4+ Kh8 81. Nf6 Ra8+ 82. Kf7 Ne5+ 83. Ke6 Nxg4 84. Nxg4
Kg7 85. Nf6 Ra6+ 86. Ke5 $18) 80. Kd7 Kxg8 81. e8=Q+ Rxe8 82. Kxe8 Nc6 83. Re4
Kg7 84. Kd7 Na5 85. Rb4 $18) 77... Nd5 $11 {Now the draw is unavoidable.} 78.
Rg4+ ({Or} 78. Ne7+ Nxe7 79. Kxe7 Rxg3 80. Re4 Rd3 $11) 78... Kf5 79. Nxh6+
Kxe6 80. Re4+ Kf6 1/2-1/2